ぐちつボウの能力 - Statistics

General Stats
  • This quiz has been taken 7 times
  • The average score is 11 of 33
Answer Stats
ジャンル Answer % Correct
索敵系 鑑定
100%
移動系 脱出
80%
移動系 分身
80%
戦闘系 狙撃
80%
戦闘系 跳弾
80%
特殊系 背水
80%
戦闘系 連射
60%
防御系 無敵
60%
移動系 疾走
40%
移動系 跳躍
40%
移動系 転移
40%
戦闘系 速射
40%
戦闘系 操弾
40%
戦闘系 爆弾
40%
防御系 障壁
40%
防御系 強靭
40%
特殊系 変化
40%
移動系 浮遊
20%
移動系 登攀
20%
戦闘系 必殺
20%
索敵系 探知
20%
防御系 大盾
20%
特殊系 捕食
20%
特殊系 縮身
20%
特殊系 巨体
20%
移動系 隠密
0%
移動系 鉤縄
0%
移動系 風船
0%
索敵系 追跡
0%
特殊系 反響
0%
特殊系 魔眼
0%
特殊系 閃光
0%
特殊系 複製
0%
No matching quizzes found
Score Distribution
Percent of People with Each Score
Percentile by Number Answered
Your Score History
You have not taken this quiz